Company in Crisis from the Point of View of Accounting

Spoločnosť v kríze. Kríza podniku z pohľadu účtovníctva.

Saved in:
Bibliographic Details
Main Author: Ondrušová, Lucia, 1981-
Format: Book Chapter
Language:English
Subjects:
Tags: Add Tag
No Tags, Be the first to tag this record!

MARC

LEADER 00000naa a2200000 4500
001 0240129
005 20240502073909.5
041 0 |a eng 
044 |a SK 
245 1 0 |a Company in Crisis from the Point of View of Accounting  |c Lucia Ondrušová 
520 |a Spoločnosť v kríze. Kríza podniku z pohľadu účtovníctva. 
610 2 0 |a účtovníctvo 
610 2 0 |a výkazy finančné 
610 2 0 |a kríza podniku 
610 2 0 |a stakeholder 
100 1 |a Ondrušová, Lucia, 1981-